000 00775nam a22001577a 4500
003 OSt
005 20160509101906.0
008 160509b xxu||||| |||| 00| 0 eng d
040 _cRUA
082 _aAGR ONG 2010 B470 Or.1
100 _98325
_aONG SOCHEATH; អុង សុជាតិ
245 _aSclerotium rofsii disease management by flooding in greenhouse condition, ឥទ្ធិពលនៃការពន្លិចទឹក ក្នុងការកម្ចាត់ផ្សិតក្លែរ៉ូទីញ៉ូម រុស្ស៊ី លើដំណាំសណ្ដែកបាយនៅក្នុងលក្ខណ្ឌផ្ទះកញ្ចក់
260 _aPhmom penh
_bRUA
_c2010
300 _axiii,55p.
_bill.
_c29cm.
942 _2ddc
_cAGR
999 _c7977
_d7977